000 00612nam a2200181Ia 4500
008 151018s9999 xx 000 0 und d
082 _bRBASDV15566
_a891.463
100 _aशिरीष पै
245 _aलग्न आणि इतर कथा
250 _b1
260 _bअभिनव प्रकाशन इंदोर मध्यप्रदेश
_c1982
300 _a167
600 _aशिरीष पै
630 _aलग्न आणि इतर कथा
700 _aशिरीष पै
730 _aलग्न आणि इतर कथा
942 _cBOOK
999 _c1016292
_d1016289